Just for Starters : A handbook of Small- scale Business Opportunities (Record no. 2811)

MARC details
005 - DATE AND TIME OF LATEST TRANSACTION
control field 20250529082611.0
020 ## - INTERNATIONAL STANDARD BOOK NUMBER
International Standard Book Number 0-90-3031-94-9
082 ## - DEWEY DECIMAL CLASSIFICATION NUMBER
Classification number 338.04 BOL
100 ## - MAIN ENTRY--PERSONAL NAME
Author name BOLLA5RD, A .
245 ## - TITLE STATEMENT
Title Just for Starters : A handbook of Small- scale Business Opportunities
260 ## - PUBLICATION, DISTRIBUTION, ETC.
Place of publication, distribution, etc. London,
Name of publisher, distributor, etc. Intermediate Technology Publications,
Date of publication, distribution, etc. 1984.
300 ## - PHYSICAL DESCRIPTION
Extent x, 197p.: ill.; picture,
Dimensions 21cm.
942 ## - ADDED ENTRY ELEMENTS (KOHA)
Source of classification or shelving scheme Dewey Decimal Classification
Koha item type Books
Holdings
Date last seen Total checkouts Full call number Barcode Cost, replacement price Price effective from Koha item type Lost status Source of classification or shelving scheme Damaged status Not for loan Withdrawn status Home library Current library Shelving location Date acquired Cost, normal purchase price
05/29/2025   338.04 BOL 00000010398 30000.00 05/29/2025 Books   Dewey Decimal Classification       College of Business Education Main Library College of Business Education Main Library General Collection 08/16/2000 10000.00